AEW Wrestlers by initials. - Statistics

General Stats
  • This quiz has been taken 341 times
  • The average score is 31 of 92
Answer Stats
Hint Answer % Correct
AP Adam Page
86%
CJ Chris Jericho
64%
JM Jon Moxley
62%
KO Kenny Omega
59%
M MJF
59%
MJ Matt Jackson
58%
BB Britt Baker
57%
NJ Nick Jackson
57%
CR Cody Rhodes
55%
OC Orange Cassidy
55%
CC Christian Cage
54%
JB Jungle Boy
51%
W Wardlow
51%
DA Darby Allin
50%
P Pac
50%
RF Rey Fenix
49%
SG Sammy Guevara
49%
L Luchasaurus
46%
PEZM Penta El Zero M
46%
M Miro
45%
JH Jake Hager
43%
NR Nyla Rose
43%
MH Matt Hardy
41%
QM QT Marshall
41%
BC Brian Cage
40%
CW Cash Wheeler
40%
CD Christopher Daniels
40%
FK Frankie Kazarian
40%
KS Kris Statlander
40%
SS Scorpio Sky
40%
DH Dax Harwood
39%
DR Dustin Rhodes
39%
O Ortiz
39%
HS Hikaru Shida
38%
R Riho
37%
EK Eddie Kingston
36%
RS Ricky Starks
36%
S Santana
36%
S Sting
36%
EU Evil Uno
35%
A Abadon
34%
EP Ethan Page
34%
PH Powerhouse Hobbs
34%
SS Shawn Spears
34%
CT Chuck Taylor
33%
T Trent?
33%
AB Anthony Bowens
31%
BR Brandi Rhodes
31%
MC Max Caster
31%
AR Alex Reynolds
29%
AJ Anna Jay
29%
JS John Silver
29%
PF Penelope Ford
29%
TC Tay Conti
29%
KS Kip Sabian
28%
LA Lance Archer
28%
IK Isiah Kassidy
27%
MS Marko Stunt
27%
AA Alan Angels
26%
A Angelico
26%
AG Austin Gunn
26%
CC Colt Cabana
26%
BC Brandon Cutler
25%
JC Jade Cargill
25%
SG Stu Grayson
24%
TB The Blade
24%
TB The Butcher
24%
CG Colten Gunn
23%
DM Dante Martin
23%
JJ Joey Janela
23%
L Luther
23%
MQ Marq Quen
23%
JE Jack Evans
21%
PA Peter Avalon
21%
SK Sonny Kiss
21%
DM Darius Martin
20%
M Mel
20%
PW Paul Wight
20%
ES Emi Sakura
17%
LH Leyla Hirsch
16%
MN Michael Nakazawa
16%
RV Red Velvet
16%
SD Serena Deeb
16%
A Allie
15%
AK Awesome Kong
15%
LJ Lee Johnson
15%
MS Matt Sydal
15%
YS Yuka Sakazaki
14%
BS Big Swole
13%
LB Leva Bates
13%
PV Pres10 Vance
11%
S Shanna
6%
No matching quizzes found
Score Distribution
Percent of People with Each Score
Percentile by Number Answered
Your Score History
You have not taken this quiz